Buckinghamshire Train Stations - Statistics

General Stats
  • This quiz has been taken 67 times
  • The average score is 19 of 29
Answer Stats
Main Operator Station % Correct
Chiltern Railways Amersham
96%
Chiltern Railways Aylesbury
94%
London Northwestern Railway Milton Keynes Central
88%
Chiltern Railways High Wycombe
86%
London Northwestern Railway Bletchley
82%
Great Western Railway Marlow
82%
Chiltern Railways Princes Risborough
80%
Chiltern Railways Beaconsfield
73%
Chiltern Railways Chalfont & Latimer
71%
Chiltern Railways Aylesbury Vale Parkway
69%
Chiltern Railways Wendover
69%
Chiltern Railways Stoke Mandeville
67%
Elizabeth Line Taplow
67%
Chiltern Railways Denham
65%
Chiltern Railways Great Missenden
65%
Chiltern Railways Gerrards Cross
61%
Chiltern Railways Little Kimble
61%
Chiltern Railways Monks Risborough
61%
Great Western Railway Bourne End
59%
Chiltern Railways Denham Golf Club
59%
Elizabeth Line Iver
57%
Chiltern Railways Seer Green & Jordans
55%
London Northwestern Railway Wolverton
55%
London Northwestern Railway Cheddington
53%
Chiltern Railways Haddenham & Thame Parkway
53%
Chiltern Railways Saunderton
53%
London Northwestern Railway Fenny Stratford
45%
London Northwestern Railway Woburn Sands
43%
London Northwestern Railway Bow Brickhill
39%
No matching quizzes found
Score Distribution
Percent of People with Each Score
Percentile by Number Answered
Your Score History
You have not taken this quiz